[Event "World Rapid 2025"]
[Site "Doha QAT"]
[Date "2025.12.27"]
[Round "9.105"]
[White "Droin, Augustin"]
[Black "Sharan, Rao"]
[Result "1-0"]
[WhiteTitle "IM"]
[BlackTitle "IM"]
[WhiteElo "2480"]
[BlackElo "2341"]
[WhiteFideId "45105987"]
[BlackFideId "5073464"]
[EventDate "2025.12.26"]

1. e4 e6 2. d4 d5 3. Nc3 Nf6 4. Bg5 Be7 5. e5 Nfd7 6. h4 h6 7. Bxe7 Qxe7 8. Qd2
a6 9. f4 c5 10. Nf3 Nc6 11. Ne2 b5 12. g4 Nb6 13. b3 Bd7 14. Ng3 f6 15. Bd3
O-O-O 16. a4 c4 17. axb5 axb5 18. Be2 g5 19. exf6 Qxf6 20. Nh5 Qe7 21. bxc4 Nxc4
22. Bxc4 dxc4 23. c3 e5 24. Nxe5 Bxg4 25. Qg2 Bd7 26. Ra6 Nb8 27. Rb6 Be8 28.
Nf6 Rd6 29. Rxd6 Qxd6 30. hxg5 Qa3 31. Qh3+ Bd7 32. Qf3 Qc1+ 33. Kf2 Qd2+ 34.
Kg3 Bf5 35. Nf7 Rd8 36. gxh6 Bg6 37. Nxd8 Qc2 38. h7 1-0

[Event "World Rapid 2025"]
[Site "Doha QAT"]
[Date "2025.12.27"]
[Round "9.106"]
[White "Kobalia, Mikhail"]
[Black "Tissir, Mohamed"]
[Result "1-0"]
[WhiteTitle "GM"]
[BlackTitle "IM"]
[WhiteElo "2537"]
[BlackElo "2293"]
[WhiteFideId "4119150"]
[BlackFideId "9000240"]
[EventDate "2025.12.26"]

1. e4 c5 2. Nf3 d6 3. Bb5+ Nd7 4. Ba4 Nf6 5. O-O e6 6. d3 Be7 7. c4 O-O 8. Nc3
a6 9. h3 Qc7 10. Be3 b6 11. Ne1 d5 12. exd5 exd5 13. cxd5 Bb7 14. Bb3 b5 15. Rc1
Nb6 16. Ne4 Nbxd5 17. Bxc5 Rfc8 18. Nf3 Qd8 19. Re1 Nxe4 20. Bxe7 Qxe7 21. Rxe4
Qf6 22. Rxc8+ Rxc8 23. Qe1 Rf8 24. Qd2 h6 25. Ne5 Qd6 26. d4 Rc8 27. Re1 Rc7 28.
Nd3 Nf6 29. Qe3 a5 30. Qe5 Qc6 31. f3 Qb6 32. a3 Rd7 33. Nc5 Rd8 34. Bxf7+ Kxf7
35. Qe7+ Kg6 36. Re6 Bc6 37. Rxc6 Qxc6 38. Qxd8 a4 39. Qe7 Kh7 40. Ne6 Nh5 41.
Qf7 Qc1+ 42. Kh2 Qc8 43. d5 Qb8+ 44. f4 1-0

[Event "World Rapid 2025"]
[Site "Doha QAT"]
[Date "2025.12.27"]
[Round "9.107"]
[White "Cunha, Lucas Aguiar"]
[Black "Halkias, Stelios"]
[Result "0-1"]
[WhiteTitle "FM"]
[BlackTitle "GM"]
[WhiteElo "2263"]
[BlackElo "2503"]
[WhiteFideId "2125404"]
[BlackFideId "4201809"]
[EventDate "2025.12.26"]

1. e4 c5 2. Nf3 Nc6 3. Nc3 e5 4. Bc4 h6 5. d3 d6 6. Nd2 g6 7. Nf1 Bg7 8. Ne3 Nf6
9. O-O O-O 10. a4 Be6 11. b3 Kh8 12. Bd2 Nb4 13. Qc1 Kh7 14. Re1 d5 15. exd5
Nbxd5 16. Nexd5 Nxd5 17. Nxd5 Bxd5 18. Bc3 Re8 19. Qb2 f6 20. f4 Bc6 21. fxe5
fxe5 22. Re2 Qg5 23. Rf1 Re7 24. b4 cxb4 25. Qxb4 a5 26. Qa3 Rae8 27. Ref2 e4
28. Bxg7 Rxg7 29. dxe4 Rxe4 30. Be2 Rf4 31. Qd6 Rgf7 32. Bc4 Rxf2 33. Rxf2 Qc1+
34. Rf1 Qe3+ 35. Kh1 Bxg2+ 36. Kxg2 Qe4+ 37. Kg3 Qxc4 38. Rxf7+ Qxf7 39. Qb6 g5
40. Qxa5 Qf4+ 41. Kg2 Qe4+ 42. Kg3 Qe3+ 43. Kg2 Qe4+ 44. Kg3 Qxc2 45. Qb5 Qc7+
46. Kg2 Qc2+ 47. Kf3 Qc3+ 48. Kg4 Qd4+ 49. Kf5 Qf4+ 50. Ke6 Qe4+ 51. Kd7 g4 52.
Kc8 Kg6 53. a5 h5 54. Qxb7 Qf5+ 55. Qd7 Qxa5 56. Qe8+ Kg5 57. Qe3+ Kf5 58. Qd3+
Kf4 59. Qg3+ Ke4 60. Qg2+ Kf5 61. Qf2+ Kg6 62. Qe2 Qf5+ 63. Kd8 Qd5+ 64. Ke7
Qf7+ 65. Kd6 Qf6+ 66. Kd7 Qf7+ 67. Kd6 Qf4+ 68. Kd7 Qf5+ 69. Kd6 Kg5 70. Ke7
Qf6+ 71. Kd7 Qd4+ 72. Ke6 Qb6+ 73. Kd7 Qb7+ 74. Ke6 Qc6+ 75. Ke7 Qf6+ 76. Kd7
Qf5+ 77. Kd6 h4 78. Qe8 Qg6+ 79. Qxg6+ Kxg6 80. Ke5 g3 81. hxg3 hxg3 82. Kd4 0-1

[Event "World Rapid 2025"]
[Site "Doha QAT"]
[Date "2025.12.27"]
[Round "9.108"]
[White "Samunenkov, Ihor"]
[Black "Medhus, Vitus Bondo"]
[Result "1-0"]
[WhiteTitle "GM"]
[BlackTitle "FM"]
[WhiteElo "2584"]
[BlackElo "2387"]
[WhiteFideId "14187086"]
[BlackFideId "1462547"]
[EventDate "2025.12.26"]

1. d4 Nf6 2. c4 c5 3. d5 b5 4. cxb5 a6 5. e3 e6 6. dxe6 fxe6 7. Nc3 d5 8. Nf3
Be7 9. bxa6 O-O 10. Be2 Nxa6 11. O-O Qc7 12. b3 Ng4 13. h3 Ne5 14. Bb2 Bb7 15.
Nb5 Nxf3+ 16. Bxf3 Qb6 17. a4 Bf6 18. Bxf6 Rxf6 19. Rc1 Raf8 20. Bg4 e5 21. Qd2
d4 22. exd4 exd4 23. Rce1 Bd5 24. Qd1 Qb7 25. f3 Nb4 26. Re5 Qf7 27. Qd2 Nc6 28.
Rg5 g6 29. Nc3 dxc3 30. Qxd5 h5 31. Bd7 Nd4 32. Bb5 Qxd5 33. Rxd5 Rc8 34. Rc1 c2
35. Kf2 Rb6 36. Bd3 Rxb3 37. Bc4 Rb1 38. Rxc2 Kh8 39. Ra2 h4 40. a5 Nf5 41. Bd3
Rb4 42. a6 c4 43. Bxf5 gxf5 44. a7 Ra8 45. Rxf5 c3 46. Rc5 Rb2+ 47. Rxb2 cxb2
48. Rb5 Rxa7 49. Rxb2 Ra4 50. Re2 Kg7 51. Re4 Ra2+ 52. Kg1 Kf6 53. Rxh4 Kg5 54.
Rg4+ Kf5 55. h4 Rb2 56. Kh2 Ra2 57. h5 Ra1 58. h6 Ra8 59. h7 Rh8 60. Rh4 Kg6 61.
g4 Kg5 62. Kg3 Kg6 63. Rh5 Kf6 64. f4 Kg6 65. f5+ Kf6 66. Kf4 Kf7 67. g5 Kg7 68.
Rh6 Kf7 69. Ra6 1-0

[Event "World Rapid 2025"]
[Site "Doha QAT"]
[Date "2025.12.27"]
[Round "9.77"]
[White "Suyarov, Mukhammadzokhid"]
[Black "Berend, Fred"]
[Result "1-0"]
[WhiteTitle "IM"]
[BlackTitle "IM"]
[WhiteElo "2454"]
[BlackElo "2213"]
[WhiteFideId "14210495"]
[BlackFideId "4000102"]
[EventDate "2025.12.26"]

1. e4 c5 2. Nf3 e6 3. d4 cxd4 4. Nxd4 Nc6 5. Nc3 a6 6. Be3 Nf6 7. Nxc6 bxc6 8.
e5 Nd5 9. Nxd5 cxd5 10. Bd3 d6 11. exd6 Bxd6 12. O-O O-O 13. f4 Qc7 14. Kh1 Bc5
15. Bd2 Rd8 16. Qe2 Bd4 17. Rab1 Bf6 18. b3 a5 19. a4 Rd6 20. Qe1 Rc6 21. Rf3 g6
22. h4 Rc5 23. f5 gxf5 24. Bf4 e5 25. Qg3+ Kh8 26. Re1 d4 27. Bg5 Bg7 28. Bxf5
Bb7 29. Rf2 Rg8 30. Qg4 e4 31. Bxh7 e3 32. Qh5 Bh6 33. Qxh6 Rg7 34. Bf6 Qg3 1-0

[Event "World Rapid 2025"]
[Site "Doha QAT"]
[Date "2025.12.27"]
[Round "9.78"]
[White "Stribuk, Artiom"]
[Black "Ammar, Sedrani"]
[Result "1-0"]
[WhiteTitle "IM"]
[BlackTitle "FM"]
[WhiteElo "2476"]
[BlackElo "2203"]
[WhiteFideId "13515659"]
[BlackFideId "9312331"]
[EventDate "2025.12.26"]

1. c4 e6 2. g3 d5 3. Bg2 Nf6 4. Nf3 Be7 5. O-O O-O 6. b3 c5 7. Bb2 Nc6 8. e3 d4
9. exd4 cxd4 10. Re1 Re8 11. Ne5 Nxe5 12. Rxe5 Bd6 13. Re1 e5 14. d3 Bg4 15. Bf3
Bxf3 16. Qxf3 Qa5 17. Re2 b5 18. Nd2 Bb4 19. Ne4 Nxe4 20. Qxe4 bxc4 21. bxc4
Rab8 22. Rf1 Ba3 23. Bxa3 Qxa3 24. f4 f6 25. Rfe1 Kh8 26. fxe5 fxe5 27. Rf1 Rf8
28. Ref2 Rxf2 29. Rxf2 Qd6 30. Kg2 h6 31. Re2 Re8 32. Qd5 Qg6 33. Qe4 Qd6 34. h4
a5 35. Qd5 Qg6 36. Qe4 Qd6 37. Rc2 Qc5 38. Qd5 Qa3 39. Qc6 Rf8 40. Qe4 a4 41. c5
Qb4 42. Qxe5 Qb1 43. Qe2 Rf1 44. Rb2 Rg1+ 45. Kh3 Rh1+ 46. Kg4 Qd1 47. Qxd1 Rxd1
48. Rc2 Re1 49. c6 Re8 50. c7 Rc8 51. Kf5 Kg8 52. Ke6 Kf8 53. Kd7 1-0

[Event "World Rapid 2025"]
[Site "Doha QAT"]
[Date "2025.12.27"]
[Round "9.79"]
[White "Musovic, Armin"]
[Black "Shogdzhiev, Roman"]
[Result "0-1"]
[WhiteTitle "FM"]
[BlackTitle "IM"]
[WhiteElo "2190"]
[BlackElo "2403"]
[WhiteFideId "939935"]
[BlackFideId "55653537"]
[EventDate "2025.12.26"]

1. a3 a6 2. Nc3 d5 3. e4 dxe4 4. Nxe4 Nf6 5. Ng3 c5 6. Bc4 Nc6 7. d3 e6 8. Nf3
Be7 9. O-O b5 10. Ba2 O-O 11. Re1 Qc7 12. Ng5 h6 13. N5e4 Nxe4 14. Nxe4 Nd4 15.
c3 Nf5 16. Qg4 Kh8 17. Qh5 Bb7 18. g3 Rad8 19. Bf4 Qc6 20. Rad1 g6 21. Qh3 Kh7
22. f3 Kg7 23. Bb1 g5 24. Bc1 a5 25. Re2 b4 26. Rf1 f6 27. Rfe1 e5 28. d4 cxd4
29. Nf2 Ne3 30. Bxe3 dxe3 31. Rxe3 Bc8 32. Qh5 Qe8 33. Qxe8 Rfxe8 34. axb4 axb4
35. Rd3 Ba6 36. Rdd1 bxc3 37. bxc3 Rc8 38. Rd7 Bb5 39. Ra7 Kf8 40. Bg6 Red8 41.
Ne4 Bc6 42. Kg2 Rd7 43. Rea1 Rcc7 44. Rxc7 Rxc7 45. Bf5 Kf7 46. Rd1 Ra7 47. Rd2
h5 48. h3 h4 49. Kh2 Ra3 50. Rc2 Ra1 51. Nd2 Re1 52. Ne4 Ra1 53. Nd2 hxg3+ 54.
Kxg3 Bc5 55. Nb3 Rg1+ 56. Rg2 Rf1 57. Be4 Bxe4 58. fxe4 Be3 59. Rc2 Rb1 60. Na5
Bf4+ 61. Kg2 Rb5 62. Nc4 Ke6 63. Kf3 Rb3 64. Ne3 Bxe3 65. Kxe3 Rb1 66. Rh2 Re1+
67. Kd3 Rd1+ 68. Ke3 Re1+ 69. Kd3 Rd1+ 70. Ke3 Rc1 71. Kd2 Rg1 72. Kd3 Rg3+ 73.
Kd2 Rg1 74. Ke3 Rg3+ 75. Kd2 Rf3 76. h4 g4 77. h5 Rh3 78. Rg2 f5 79. exf5+ Kxf5
80. Rf2+ Kg5 81. Re2 Kf4 82. Rf2+ Kg3 83. Rf5 Kh2 84. Rxe5 g3 85. Rg5 g2 86. h6
g1=Q 87. Rxg1 Kxg1 88. c4 Kf2 89. c5 Rh5 90. h7 0-1

[Event "World Rapid 2025"]
[Site "Doha QAT"]
[Date "2025.12.27"]
[Round "9.80"]
[White "Averin, Nikolay"]
[Black "Assylov, Miras"]
[Result "1-0"]
[WhiteTitle "FM"]
[BlackTitle "FM"]
[WhiteElo "2389"]
[BlackElo "2393"]
[WhiteFideId "24250473"]
[BlackFideId "13728873"]
[EventDate "2025.12.26"]

1. a3 Nf6 2. Nf3 g6 3. d4 Bg7 4. c4 O-O 5. Nc3 d6 6. e4 e5 7. d5 Na6 8. b4 c6 9.
Bd3 Nh5 10. g3 Qe8 11. Be2 f5 12. dxc6 bxc6 13. Qxd6 Bb7 14. Ng5 Rf6 15. Qd1 Rd8
16. Qb3 h6 17. c5+ Kh8 18. Nf3 Nc7 19. O-O Ne6 20. Qc4 Nd4 21. Nh4 Nxe2+ 22.
Qxe2 Bc8 23. Bb2 f4 24. Rad1 Rxd1 25. Rxd1 Rf8 26. Rd6 Bf6 27. b5 Bxh4 28. gxh4
f3 29. Qd2 Nf4 30. bxc6 Qe7 31. Nd5 Ne2+ 32. Kf1 Qxh4 33. Bxe5+ Kh7 34. Nf6+
Rxf6 35. Rxf6 Qh3+ 36. Ke1 Be6 37. Qd8 h5 38. Rf7+ Kh6 39. Rh7+ Kxh7 40. Qh8# 1-0

[Event "World Rapid 2025"]
[Site "Doha QAT"]
[Date "2025.12.27"]
[Round "9.81"]
[White "Al Hosani, Omran"]
[Black "Grafl, Florian"]
[Result "1-0"]
[WhiteTitle "IM"]
[BlackTitle "IM"]
[WhiteElo "2340"]
[BlackElo "2343"]
[WhiteFideId "9308733"]
[BlackFideId "4645715"]
[EventDate "2025.12.26"]

1. e4 c5 2. Nf3 g6 3. Bc4 Bg7 4. O-O Nc6 5. c3 e6 6. Re1 Nge7 7. Bf1 d5 8. e5 d4
9. cxd4 cxd4 10. Na3 O-O 11. b3 a6 12. Bb2 b5 13. Nc2 Nf5 14. Bd3 Bb7 15. Be4 d3
16. Ne3 Qd7 17. Ng4 Rfd8 18. Nf6+ Bxf6 19. exf6 Ncd4 20. Nxd4 Nxd4 21. Bxd4 Qxd4
22. Bxb7 Ra7 23. Qf3 Qb2 24. Rad1 Qxa2 25. Qe3 1-0

[Event "World Rapid 2025"]
[Site "Doha QAT"]
[Date "2025.12.27"]
[Round "9.82"]
[White "Rami, Talab"]
[Black "Morris, James"]
[Result "0-1"]
[BlackTitle "IM"]
[WhiteElo "2173"]
[BlackElo "2422"]
[WhiteFideId "7609787"]
[BlackFideId "3205800"]
[EventDate "2025.12.26"]

1. d4 Nf6 2. Nf3 b6 3. g3 Bb7 4. Bg2 g6 5. c4 Bg7 6. Nc3 Ne4 7. Nxe4 Bxe4 8. Bd2
Bxd4 9. Qb3 c5 10. Bh6 Nc6 11. O-O Na5 12. Qa4 Bxb2 13. Rad1 Qc7 14. Rd2 Bc3 15.
Rdd1 Qc6 16. Qa3 Bf6 17. Qc1 O-O-O 18. Qf4 Nxc4 19. Nd4 cxd4 20. Bxe4 d5 21. Bg2
e5 22. Qf3 e4 23. Qb3 Be5 24. Rc1 f5 25. f3 b5 26. fxe4 dxe4 27. a4 a6 28. g4
Rd5 29. axb5 axb5 30. Kh1 Bc7 31. Bh3 Kb7 32. gxf5 gxf5 33. Bf4 d3 34. Bxc7 dxe2
35. Rg1 Kxc7 36. Qg3+ Kb6 37. Ra1 Rhd8 38. Bg2 Rd1 39. Qf2+ Qc5 40. Ra6+ Kxa6
41. Qxc5 Rxg1+ 42. Kxg1 Rd1+ 0-1

[Event "World Rapid 2025"]
[Site "Doha QAT"]
[Date "2025.12.27"]
[Round "9.83"]
[White "Murshed, Niaz"]
[Black "Nurgaliyev, Sauat"]
[Result "0-1"]
[WhiteTitle "GM"]
[BlackTitle "IM"]
[WhiteElo "2341"]
[BlackElo "2437"]
[WhiteFideId "10200010"]
[BlackFideId "13726285"]
[EventDate "2025.12.26"]

1. d4 d6 2. e4 Nf6 3. Nc3 e5 4. Nf3 Nbd7 5. Bc4 Be7 6. O-O O-O 7. Re1 c6 8. a4
a5 9. h3 h6 10. Bf1 Qc7 11. Be3 Rd8 12. Qe2 Nf8 13. Rad1 Be6 14. d5 Bd7 15. Qc4
Rdc8 16. Qb3 Ng6 17. Bc4 b5 18. axb5 cxb5 19. Bd3 Rab8 20. Ra1 b4 21. Na4 Nh5
22. Nd2 Nhf4 23. Nc4 Nh4 24. Bxf4 exf4 25. e5 Bb5 26. exd6 Bxd6 27. Nxd6 Qxd6
28. Bxb5 Rxb5 29. Nc3 Qg6 30. g4 fxg3 31. Nxb5 gxf2+ 32. Kxf2 Rxc2+ 33. Qxc2
Qxc2+ 34. Re2 Qc5+ 35. Kf1 Qxb5 36. Rd1 Nf5 37. Kf2 0-1

[Event "World Rapid 2025"]
[Site "Doha QAT"]
[Date "2025.12.27"]
[Round "9.84"]
[White "Tsaruk, Maksim"]
[Black "Aziz, Husain"]
[Result "1-0"]
[WhiteTitle "GM"]
[BlackTitle "IM"]
[WhiteElo "2515"]
[BlackElo "2256"]
[WhiteFideId "13511173"]
[BlackFideId "12100293"]
[EventDate "2025.12.26"]

1. e4 e5 2. Bc4 Nf6 3. Nc3 Nc6 4. d3 Bb4 5. Nf3 d5 6. exd5 Nxd5 7. O-O Nxc3 8.
bxc3 Bxc3 9. Ng5 Bxa1 10. Nxf7 Qf6 11. Nxh8 Na5 12. Qh5+ g6 13. Qxh7 Nxc4 14.
dxc4 Be6 15. Qxc7 Bd4 16. c3 Bb6 17. Qxb7 Rd8 18. c5 Bc4 19. cxb6 Bxf1 20. Kxf1
axb6 21. Bg5 1-0

[Event "World Rapid 2025"]
[Site "Doha QAT"]
[Date "2025.12.27"]
[Round "9.109"]
[White "Dau Khuong Duy"]
[Black "Davtyan, Artur"]
[Result "1-0"]
[WhiteTitle "IM"]
[BlackTitle "IM"]
[WhiteElo "2489"]
[BlackElo "2474"]
[WhiteFideId "12424722"]
[BlackFideId "13308327"]
[EventDate "2025.12.26"]

1. e4 c6 2. Nf3 d5 3. Nc3 dxe4 4. Nxe4 Nf6 5. Qe2 Na6 6. g3 Bf5 7. Nxf6+ gxf6 8.
d3 e6 9. Bg2 Bg6 10. a3 Qc7 11. O-O Nc5 12. b4 Nd7 13. Bb2 Be7 14. Nd4 Rg8 15.
Rfe1 O-O-O 16. b5 c5 17. Nb3 h5 18. Bc3 Nb8 19. Na5 b6 20. Nc4 Kd7 21. Qf3 f5
22. Be5 Qc8 23. Bxb8 1-0

[Event "World Rapid 2025"]
[Site "Doha QAT"]
[Date "2025.12.27"]
[Round "9.110"]
[White "Ashwath Kaushik"]
[Black "Balakrishnan, Praveen"]
[Result "1-0"]
[WhiteTitle "FM"]
[BlackTitle "GM"]
[WhiteElo "2345"]
[BlackElo "2507"]
[WhiteFideId "33387230"]
[BlackFideId "2064871"]
[EventDate "2025.12.26"]

1. d4 Nf6 2. Nf3 d5 3. c4 e6 4. g3 Bb4+ 5. Bd2 Be7 6. Bg2 O-O 7. O-O Nbd7 8. Qc2
c6 9. Rc1 b6 10. cxd5 cxd5 11. Bf4 Bb7 12. Nc3 a6 13. a4 Rc8 14. Qb3 Nb8 15. Ne5
Nc6 16. Nxc6 Rxc6 17. Rc2 Qd7 18. Rac1 Rfc8 19. Na2 h6 20. h4 Ne8 21. Rxc6 Rxc6
22. Rxc6 Qxc6 23. Nb4 Qc8 24. Nd3 Bd8 25. Kh2 Nf6 26. f3 Nh5 27. Be5 Qc6 28. g4
Nf6 29. Bg3 Nd7 30. Qa3 Bf6 31. Ne5 Nxe5 32. dxe5 Bd8 33. Qd6 Bc7 34. Qe7 Bc8
35. f4 Qd7 36. Qa3 Bb7 37. g5 h5 38. Qd3 Qxa4 39. g6 Qe8 40. gxf7+ Qxf7 41. e4
dxe4 42. Bxe4 Bxe4 43. Qxe4 a5 44. Qc6 Kh7 45. Kg2 Bd8 46. Qc8 Qe7 47. f5 exf5 1-0

[Event "World Rapid 2025"]
[Site "Doha QAT"]
[Date "2025.12.27"]
[Round "9.111"]
[White "Muntean, Victor"]
[Black "Ezat, Mohamed"]
[Result "0-1"]
[BlackTitle "IM"]
[WhiteElo "2169"]
[BlackElo "2294"]
[WhiteFideId "1054414"]
[BlackFideId "10600906"]
[EventDate "2025.12.26"]

1. e4 e5 2. Nf3 Nc6 3. Bc4 Be7 4. d4 exd4 5. O-O d6 6. Nxd4 Nf6 7. Nc3 O-O 8.
Re1 Ne5 9. Bb3 c5 10. Nf3 Bg4 11. Bd5 Rb8 12. Bf4 Bxf3 13. gxf3 Nh5 14. Bg3 Bg5
15. Kh1 Qf6 16. Rg1 b5 17. Bxe5 dxe5 18. f4 Nxf4 19. Qg4 Bh4 20. Bc6 h5 21. Qf5
Qxc6 22. Qxe5 Qf6 23. Qxc5 b4 24. e5 Qf5 0-1

[Event "World Rapid 2025"]
[Site "Doha QAT"]
[Date "2025.12.27"]
[Round "9.112"]
[White "Altini, Nicola"]
[Black "Alhassadi, Yousef A."]
[Result "1-0"]
[WhiteTitle "IM"]
[BlackTitle "FM"]
[WhiteElo "2360"]
[BlackElo "2098"]
[WhiteFideId "833924"]
[BlackFideId "9204725"]
[EventDate "2025.12.26"]

1. e4 c5 2. Nf3 e6 3. d4 cxd4 4. Nxd4 Nf6 5. Nc3 Nc6 6. Ndb5 d6 7. Bf4 e5 8. Bg5
a6 9. Na3 b5 10. Nd5 Be7 11. Bxf6 Bxf6 12. c4 b4 13. Nc2 a5 14. g3 O-O 15. Bg2
Be6 16. O-O g6 17. b3 Bg7 18. a3 bxa3 19. Rxa3 Rb8 20. Qd3 f5 21. exf5 gxf5 22.
Rd1 Qd7 23. Nde3 Rbd8 24. Bxc6 Qxc6 25. Rxa5 f4 26. Nd5 Kh8 27. Ne1 Qb7 28. Rda1
Bf5 29. Qd1 Qf7 30. Ra7 Rd7 31. Ra8 h5 32. Rxf8+ Bxf8 33. Ra8 Bg4 34. Qd3 Bf5
35. Qc3 Ra7 36. Rxa7 Qxa7 37. Nxf4 h4 38. Nd5 h3 39. Ne3 Be4 40. b4 Qa2 41. c5
Qb1 42. cxd6 Bxd6 43. Qc8+ Kg7 44. Qd7+ Kg8 45. Qe6+ Kg7 46. Qxd6 Qxe1+ 47. Nf1
Bg2 48. Qd7+ Kf6 49. Qd6+ Kf7 50. Qd3 Qxb4 51. Qf5+ Kg8 52. Qxe5 Qb1 53. Qe2 Qa1
54. Qg4+ Kf8 55. Qf5+ Kg7 56. Qd7+ Kf8 57. Qc8+ Kg7 58. Qg4+ Kf8 59. Qe2 Qd4 60.
Ne3 Qa1+ 61. Qd1 Qa8 62. f4 Qe4 63. Kf2 Qa8 64. f5 Qa2+ 65. Qe2 Qa8 66. g4 Bc6
67. Kg3 Qb8+ 68. Kxh3 Qf4 69. Ng2 Qh6+ 70. Kg3 Qd6+ 71. Nf4 Qa3+ 72. Qd3 Qa1 73.
Qd6+ 1-0

[Event "World Rapid 2025"]
[Site "Doha QAT"]
[Date "2025.12.27"]
[Round "9.113"]
[White "Alrehaili, Ahmed Abdullah S"]
[Black "Smirnov, Mark"]
[Result "0-1"]
[WhiteTitle "FM"]
[BlackTitle "FM"]
[WhiteElo "2106"]
[BlackElo "2420"]
[WhiteFideId "21518840"]
[BlackFideId "13764594"]
[EventDate "2025.12.26"]

1. e4 Nf6 2. e5 Nd5 3. d4 d6 4. Nf3 dxe5 5. dxe5 Bg4 6. Be2 Nc6 7. O-O e6 8.
Nbd2 Nf4 9. Bb5 a6 10. Bxc6+ bxc6 11. c3 Qd3 12. Re1 Bc5 13. Re4 Bxf3 14. Qxf3
Qxf3 15. Nxf3 Nd3 16. Re2 O-O-O 17. Bg5 Rd5 18. b4 Ba7 19. Rb1 h6 20. Be3 Bxe3
21. Rxe3 Rhd8 22. g3 c5 23. c4 R5d7 24. a3 cxb4 25. axb4 c5 26. b5 a5 27. Ra1
Nb2 28. Rxa5 Rd1+ 29. Re1 Nxc4 30. Ra8+ Kc7 31. Rxd8 Rxe1+ 32. Nxe1 Kxd8 33. Nd3
Kc7 34. Nxc5 Nxe5 35. Ne4 Nc4 36. f4 Nd6 37. b6+ Kc6 38. Nxd6 Kxd6 39. Kf2 Kc6
40. Ke3 Kxb6 41. Ke4 Kc6 42. g4 Kd7 43. h4 Kd6 44. Kd4 f6 45. Ke4 g6 46. g5 fxg5
47. fxg5 hxg5 48. hxg5 e5 49. Ke3 Kd5 50. Kf3 Kd4 0-1

[Event "World Rapid 2025"]
[Site "Doha QAT"]
[Date "2025.12.27"]
[Round "9.114"]
[White "Abdilkhair, Abilmansur"]
[Black "Alsaqer, Meshal"]
[Result "1-0"]
[WhiteTitle "IM"]
[WhiteElo "2378"]
[BlackElo "1853"]
[WhiteFideId "13716417"]
[BlackFideId "10301771"]
[EventDate "2025.12.26"]

1. e4 e6 2. d4 d5 3. Nc3 dxe4 4. Nxe4 Be7 5. g3 Nf6 6. Nxf6+ Bxf6 7. Nf3 c5 8.
dxc5 Qa5+ 9. c3 Qxc5 10. Be3 Qc7 11. Qc2 Bd7 12. O-O-O Bc6 13. Bg2 Nd7 14. h4
O-O-O 15. h5 h6 16. Rhg1 Qa5 17. Kb1 Qxh5 18. Nd4 Bxg2 19. Rxg2 Kb8 20. Rgg1 Ka8
21. g4 Qa5 22. f4 Nb6 23. g5 hxg5 24. fxg5 Nc4 25. Bc1 Bxd4 26. cxd4 Qb5 27. Ka1
g6 28. Rh1 a6 29. Rxh8 Rxh8 30. d5 exd5 31. Qf2 Rc8 32. b3 Na5 33. Qd4 Nc6 34.
Qxd5 Qxd5 35. Rxd5 Nb4 36. Rd1 Rc2 37. Rd8+ Ka7 38. Be3+ b6 39. Rd7+ Kb8 40.
Rxf7 Rxa2+ 41. Kb1 Re2 42. Bxb6 Nd5 43. Ba5 Re5 44. Bd2 Re2 45. Kc2 Kc8 46. Kd3
Rg2 47. Rg7 Rg3+ 48. Kc4 Ne3+ 1-0

[Event "World Rapid 2025"]
[Site "Doha QAT"]
[Date "2025.12.27"]
[Round "9.115"]
[White "Bodemar, Jonathan"]
[Black "Harshavardhan, G B"]
[Result "0-1"]
[WhiteTitle "CM"]
[BlackTitle "IM"]
[WhiteElo "2154"]
[BlackElo "2477"]
[WhiteFideId "6205488"]
[BlackFideId "25059009"]
[EventDate "2025.12.26"]

1. e4 e5 2. Nf3 Nc6 3. Bc4 Nf6 4. Ng5 d5 5. exd5 Nd4 6. c3 b5 7. Bf1 Nxd5 8.
cxd4 Qxg5 9. Bxb5+ Kd8 10. O-O Bb7 11. Qf3 Rb8 12. dxe5 Ne3 13. Qh3 Qxg2+ 14.
Qxg2 Nxg2 15. d4 Be7 16. Nc3 Nh4 17. Be2 Nf3+ 18. Bxf3 Bxf3 19. Re1 g5 20. b3
Rb6 21. Ne4 Rg8 22. Bd2 Rc6 23. Rac1 Rgg6 24. d5 Rxc1 25. Bxc1 Bb4 26. Re3 g4
27. a3 Bf8 28. Nc3 a5 29. Rd3 Rb6 30. Na4 Rb5 31. d6 cxd6 32. exd6 Be4 33. Rd4
Bc6 34. Rxg4 Rxb3 35. Rg8 Ke8 36. Nc5 Rb1 37. d7+ Ke7 38. Nd3 Bxd7 39. Kg2 f6
40. Be3 Kf7 41. Rg3 Bxa3 42. Nc5 Bc6+ 43. Kh3 Rb5 44. Nd3 Be4 45. Nf4 Bd6 46.
Rg1 Rf5 47. Ne2 Rh5+ 48. Kg4 Rxh2 49. Nf4 f5+ 50. Kg3 Rh6 51. Ra1 Bc7 52. Bd2
Ra6 53. f3 Ba8 54. Ra4 Bc6 55. Ra2 a4 56. Kf2 Bd6 57. Nd3 Bb5 58. Nb4 Ra8 59.
Ke3 Bc4 60. Ra3 Bb3 61. Ra1 a3 62. Bc3 a2 63. Kd3 h5 64. Nc6 h4 65. Nd4 Be6 66.
Re1 Bd7 67. Rh1 Bg3 68. Nc2 f4 69. Nb4 h3 70. Kc2 h2 0-1

[Event "World Rapid 2025"]
[Site "Doha QAT"]
[Date "2025.12.27"]
[Round "9.116"]
[White "Chekh Adm Khedr, Aram"]
[Black "Alkhuriji, Abdulaziz N"]
[Result "1-0"]
[WhiteTitle "FM"]
[WhiteElo "2139"]
[BlackElo "1972"]
[WhiteFideId "7601948"]
[BlackFideId "21525919"]
[EventDate "2025.12.26"]

1. e4 e5 2. Nf3 Nc6 3. Bc4 Bc5 4. b4 Bxb4 5. c3 Be7 6. d4 d6 7. dxe5 dxe5 8. Qb3
Na5 9. Bxf7+ Kf8 10. Qa4 Kxf7 11. Qxa5 c6 12. Nxe5+ Kf8 13. Qxd8+ Bxd8 14. Ba3+
Ke8 15. Nc4 Bc7 16. Nd6+ Bxd6 17. Bxd6 Be6 18. Nd2 Rd8 19. Be5 Nf6 20. f3 Kf7
21. Ke2 Rd7 22. Rhd1 Rhd8 23. Nb3 Bc4+ 24. Ke1 b6 25. Bc7 Rc8 26. Be5 Rcd8 27.
Rxd7+ Rxd7 28. Rd1 Rxd1+ 29. Kxd1 a5 30. Nc1 Nd7 31. Bc7 a4 32. a3 b5 33. Ne2 c5
34. Ng3 g6 35. Kc2 Ke6 36. h4 Bb3+ 37. Kd2 Bc4 38. h5 Nf8 39. Bf4 Nd7 40. Be3
Kd6 41. hxg6 hxg6 42. f4 Bf7 43. Ne2 Nb6 44. Kc2 Bb3+ 45. Kb1 Bc4 46. Ng3 Bd3+
47. Ka2 Bc4+ 48. Ka1 Bd3 49. Bc1 Ke6 50. Be3 Kd6 51. f5 gxf5 52. exf5 Nc4 53.
Bf4+ Kd5 54. Ka2 Na5 55. Kb2 Nc4+ 56. Ka2 Na5 57. Be3 Bc4+ 58. Ka1 Nb3+ 59. Kb2
Ke5 60. Bg5 Bd5 61. f6 Ke6 62. Ne2 Kf5 63. Bh4 Nd2 64. Nc1 Nc4+ 65. Ka1 Nxa3 66.
Nd3 c4 67. Nb4 Bg8 68. Kb2 1-0